Nové šaty

Bibliographic Details
Main Author: Šikula, Vincent, 1936-2001 (Author)
Other Authors: Vojtášek, Alexej, 1952-2023 (Illustrator)
Format: Article
Language:Slovak
ISSN:0139-8962
Subjects:

MARC

LEADER 00000nab a2200000 a 4500
001 vtls000559562
003 SK-MaSNL
005 20260303173319.0
008 150501c1995 xo 0 slo
015 |a SNBRB19rr/mm-uuuuu 
035 |a CL0559700 
040 |a SNKBUCL  |b slo  |c SNKBUCL  |e AACR2 
041 0 |a slo 
044 |a xo  |c SK 
080 |a 885.4-3(087.5)  |2 1981 
100 1 |a Šikula, Vincent,  |d 1936-2001  |4 aut  |9 103083 
245 1 0 |a Nové šaty  |c Vincent Šikula ; Ilustr. Alexej Vojtášek 
650 0 7 |a poviedky o deťoch  |2 snkbucl  |9 921537 
655 7 |a články z novín a časopisov  |2 snkbucl  |9 267496 
655 7 |a články z odboru literárna veda a krásna literatúra  |2 snkbucl  |9 770045 
700 1 |a Vojtášek, Alexej,  |d 1952-2023  |4 ill  |9 88777 
773 0 |t Zornička  |g Roč. 48, č. 1 (1995), s. 6-7  |x 0139-8962 
850 |a Slovenská národná knižnica v Martine  |a MTA001 
852 |a SNK  |b KIS3GCP 
958 |a RK 
958 |a LX 
958 |a SK 
992 |a RBX 
999 |c 2092003  |d 2093933